Statistics for Clothing Brand Logos

Click here to take the quiz!

General Stats

  • This quiz has been taken 15,830 times
  • The average score is 15 of 20

Answer Stats

Answer % Correct
Adidas
99%
Nike
99%
Puma
97%
Levi
96%
Fila
88%
Gap
86%
Gucci
86%
Louis Vuitton
84%
Lacoste
84%
Tommy Hilfiger
83%
Chanel
80%
Under Armour
79%
Champion
75%
Fruit of the Loom
68%
Umbro
67%
Guess
55%
Timberland
49%
Patagonia
39%
Carhartt
28%
Kangol
20%

Score Distribution

Percentile by Number Answered

Percent of People with Each Score

Your Score History

You have not taken this quiz